| 000 -LEADER |
| fixed length control field |
00967cam a2200253 a 4500 |
| 001 - CONTROL NUMBER |
| control field |
(Sirsi) a750748 |
| 003 - CONTROL NUMBER IDENTIFIER |
| control field |
OSt |
| 005 - DATE AND TIME OF LATEST TRANSACTION |
| control field |
20230621091536.0 |
| 008 - FIXED-LENGTH DATA ELEMENTS--GENERAL INFORMATION |
| fixed length control field |
121108r20111997enka b 000 f eng d |
| 020 ## - INTERNATIONAL STANDARD BOOK NUMBER |
| International Standard Book Number |
9780007450657 (pbk.) : |
| 040 ## - CATALOGING SOURCE |
| Original cataloging agency |
CHA |
| Language of cataloging |
eng |
| Transcribing agency |
TAE |
| Modifying agency |
KH8 |
| 042 ## - AUTHENTICATION CODE |
| Authentication code |
nbic |
| 082 0# - DEWEY DECIMAL CLASSIFICATION NUMBER |
| Classification number |
823.914 MOR |
| 100 1# - MAIN ENTRY--PERSONAL NAME |
| Personal name |
Morpurgo, Michael. |
| Relator term |
author |
| 245 10 - TITLE STATEMENT |
| Title |
Farm boy / |
| Statement of responsibility, etc. |
Michael Morpurgo ; illustrated by Michael Foreman. |
| 260 ## - PUBLICATION, DISTRIBUTION, ETC. |
| Place of publication, distribution, etc. |
London : |
| Name of publisher, distributor, etc. |
HarperCollins Children's Books, |
| Date of publication, distribution, etc. |
2011. |
| 300 ## - PHYSICAL DESCRIPTION |
| Extent |
[112] p. : |
| Other physical details |
ill. ; |
| Dimensions |
20 cm. |
| 520 ## - SUMMARY, ETC. |
| Summary, etc. |
This touching story of the close relationship between grandson and grandfather, and the special secret they share, is enhanced by factual illustrations of farming history from the beginning of the century. |
| 521 1# - TARGET AUDIENCE NOTE |
| Target audience note |
4-8. |
| 650 #0 - SUBJECT ADDED ENTRY--TOPICAL TERM |
| Topical term or geographic name entry element |
Agriculture |
| General subdivision |
History |
| Chronological subdivision |
20th century |
| Form subdivision |
Juvenile fiction. |
| 650 #0 - SUBJECT ADDED ENTRY--TOPICAL TERM |
| Topical term or geographic name entry element |
Grandparent and child |
| Form subdivision |
Juvenile fiction. |
| 700 1# - ADDED ENTRY--PERSONAL NAME |
| Personal name |
Foreman, Michael, |
| Relator term |
ill. |
| 942 ## - ADDED ENTRY ELEMENTS (KOHA) |
| Source of classification or shelving scheme |
|
| Koha item type |
Books - Fiction |